Základné stavebné prvky metódy ABC

Problém, ktorý metóda ABC prednostne rieši sú režijné náklady, ich fixnosť, variabilita a rozpočítavanie na výkony. Pri metóde ABC sa náklady, ktoré nemožno priamo priradiť k výkonu, priraďujú k činnostiam, ktoré tieto náklady vyvolávajú. Náklady na každú činnosť sú priraďované k výkonom, ktoré danú...

Ausführliche Beschreibung

Gespeichert in:
Bibliographische Detailangaben
1. Verfasser: Tóth, Miroslav, 1961-
Format: Buchkapitel
Sprache:Slowakisch
Schlagworte:
Tags: Tag hinzufügen
Keine Tags, Fügen Sie das erste Tag hinzu!

MARC

LEADER 00000nla$a2200000$$$4500
001 0084349
005 20240502071942.3
041 0 |a slo 
044 |a SK 
245 1 0 |a Základné stavebné prvky metódy ABC  |c Miroslav Tóth 
520 |a Problém, ktorý metóda ABC prednostne rieši sú režijné náklady, ich fixnosť, variabilita a rozpočítavanie na výkony. Pri metóde ABC sa náklady, ktoré nemožno priamo priradiť k výkonu, priraďujú k činnostiam, ktoré tieto náklady vyvolávajú. Náklady na každú činnosť sú priraďované k výkonom, ktoré danú činnosť vyžadujú. Tieto činnosti spotrebovávajú zdroje, resp. vstupy. Ako činnosti sa obvykle definujú čiastkové pracovné procesy a postupy. Metóda ABC rieši novým spôsobom len priraďovanie režijných nákladov na jednotlivé výkony. Pripočítanie priamych nákladov sa vykoná tým istým spôsobom ako pri tradičných metódach kalkulovania. Základným princípom metódy ABC je priradenie spotrebovaných zdrojov činnostiam, zoskupenie činností do aktivít a následne priradenie aktivít nákladovým objektom (t. j. produktom, zákazníkom, a. pod.). 
610 2 0 |a kalkulácia nákladov 
610 2 0 |a metóda ABC 
610 2 0 |a náklady režijné 
610 2 0 |a účtovanie nákladov 
610 2 0 |a kontroling 
100 1 |a Tóth, Miroslav, 1961-